000
00234nam a2200097Ia 4500
999
_c
9185
_d
9185
100
_a
Kazmi Syed Manzar Hussain
245
0
_a
Wajid Ali Shah : Unki Shayree aur Mersiyee
260
_a
Karachi
_b
Ali Sons
_c
2000
300
_a
672
942
_c
BK